|
|
|
|
| LEADER |
01609nam a2200481 a 4500 |
| 001 |
nkc20071760979 |
| 003 |
CZ PrNK |
| 005 |
20080201101521.0 |
| 007 |
ta |
| 008 |
071029s2007 xr f 000 0 cze |
| 015 |
|
|
|a cnb001760979
|
| 020 |
|
|
|a 978-80-86174-12-9
|q (brož.)
|z 80-86174-12-3
|
| 035 |
|
|
|a (OCoLC)228499251
|
| 040 |
|
|
|a BOA001
|b cze
|d ABA001
|
| 072 |
|
7 |
|a 159.9
|x Psychologie
|2 Konspekt
|9 17
|
| 080 |
|
|
|a 159.944
|2 MRF
|
| 080 |
|
|
|a 159.913
|2 MRF
|
| 080 |
|
|
|a 612.064
|2 MRF
|
| 080 |
|
|
|a 612.821
|2 MRF
|
| 080 |
|
|
|a (048.8)
|2 MRF
|
| 100 |
1 |
|
|a Šolcová, Iva,
|d 1948-
|7 mzk2005273209
|4 aut
|
| 245 |
1 |
0 |
|a Některé psychofyziologické souvislosti resilience /
|c Iva Šolcová
|
| 250 |
|
|
|a 1. vyd.
|
| 260 |
|
|
|a Praha :
|b Psychologický ústav AV ČR,
|c 2007
|
| 300 |
|
|
|a 77 l. ;
|c 30 cm
|
| 500 |
|
|
|a 100 výt.
|
| 504 |
|
|
|a Obsahuje bibliografii
|
| 650 |
0 |
7 |
|a psychická odolnost
|7 ph124783
|2 czenas
|
| 650 |
0 |
7 |
|a stres (psychologie)
|7 ph116294
|2 czenas
|
| 650 |
0 |
7 |
|a stres (fyziologie)
|7 ph192853
|2 czenas
|
| 650 |
0 |
7 |
|a psychofyziologie
|7 ph124799
|2 czenas
|
| 650 |
0 |
9 |
|a psychic resistance
|2 eczenas
|
| 650 |
0 |
9 |
|a stress (psychology)
|2 eczenas
|
| 650 |
0 |
9 |
|a stress (physiology)
|2 eczenas
|
| 650 |
0 |
9 |
|a psychophysiology
|2 eczenas
|
| 655 |
|
7 |
|a studie
|7 fd133597
|2 czenas
|
| 655 |
|
9 |
|a studies
|2 eczenas
|
| 910 |
2 |
|
|a BOA001
|b 4-1194.905
|
| 928 |
9 |
|
|a Akademie věd České republiky, Psychologický ústav
|
| 990 |
|
|
|a BK
|
| 995 |
|
|
|a 01
|
| 991 |
|
|
|b 200711
|c NOV
|
| 996 |
6 |
|
|b 2610326336
|c 4-1194.905
|l MZK
|r Sklad / do 24 hodin
|n 39
|p p.v. ; nelze digi.
|w 000876426
|u 000010
|a 1
|e BOA001
|j MZK50
|s P
|